Mobilization and the national defence (Record no. 185730)
[ view plain ]
| 000 -LEADER | |
|---|---|
| fixed length control field | 00903 a2200181 4500 |
| 003 - CONTROL NUMBER IDENTIFIER | |
| control field | Nust |
| 005 - DATE AND TIME OF LATEST TRANSACTION | |
| control field | 20170207153422.0 |
| 040 ## - CATALOGING SOURCE | |
| Transcribing agency | Nust |
| 082 ## - DEWEY DECIMAL CLASSIFICATION NUMBER | |
| Classification number | 355.28 |
| 100 ## - MAIN ENTRY--PERSONAL NAME | |
| Personal name | Merritt Hardy L |
| 245 ## - TITLE STATEMENT | |
| Title | Mobilization and the national defence |
| Remainder of title | National defense |
| Statement of responsibility, etc. | Hardy L. Merritt & Luther F. Carter |
| 260 ## - PUBLICATION, DISTRIBUTION, ETC. | |
| Place of publication, distribution, etc. | Pakistan |
| Name of publisher, distributor, etc. | NDU |
| Date of publication, distribution, etc. | 1985 |
| 300 ## - PHYSICAL DESCRIPTION | |
| Extent | xiii,186 p.; |
| 505 ## - FORMATTED CONTENTS NOTE | |
| Formatted contents note | Mobilization for National Defense (Page-1), A Strategic Rationale for Mobilization (Page-7), Management Structures for Industrial Mobilization in the 1980s (Page-25), The Defense Production Act (Page-37), The Impact of Corporate Resource Allocation Decisions on National Security Objectives (Page-61), The Guard and Reserve Towards Fuller Realization (Page-111), Military Retires (Page-133), Yestarday, Today and Tomorrow (Page-149), |
| 538 ## - SYSTEM DETAILS NOTE | |
| System details note | Almirah No.53 Shelf No.6 |
| 600 ## - SUBJECT ADDED ENTRY--PERSONAL NAME | |
| Personal name | Hardy L Merritt |
| 650 ## - SUBJECT ADDED ENTRY--TOPICAL TERM | |
| Topical term or geographic name entry element | National Defence |
| 942 ## - ADDED ENTRY ELEMENTS (KOHA) | |
| Source of classification or shelving scheme | |
| Koha item type | Book |
| Withdrawn status | Lost status | Source of classification or shelving scheme | Damaged status | Not for loan | Collection code | Permanent Location | Current Location | Date acquired | Total Checkouts | Full call number | Barcode | Date last seen | Price effective from | Koha item type |
|---|---|---|---|---|---|---|---|---|---|---|---|---|---|---|
| Military College of Signals (MCS) | Military College of Signals (MCS) | 12/12/2016 | 355.28 MOB | MCS3317 | 12/08/2016 | 12/12/2016 | Book |
